Top 10 des ports méditerranéens les plus importants - Statistiques

Statistiques générales
  • Ce quiz a été pris 75 fois
  • Le résultat moyen est 3 sur 10
Statistiques - réponses
Réponse % Correct
Marseille
99%
Alger
60%
Alexandrie
46%
Valence
42%
Beyrouth
24%
Pirée
4%
Tanger-Med
3%
Gioia Tauro
1%
Marsaxlokk
1%
Mersin
1%
Aucun quiz correspondant
Distribution des résultats
% des personnes avec chaque résultat
Percentile par nombre de réponses
Votre historique - résultats
Vous n’avez pas pris ce quiz